Characterisation of polymers. (Record no. 11520)

MARC details
000 -LEADER
fixed length control field 01173cam a2200313 ic4500
001 - CONTROL NUMBER
control field 12477340
003 - CONTROL NUMBER IDENTIFIER
control field EG-ScBUE
005 - DATE AND TIME OF LATEST TRANSACTION
control field 20251207102026.0
008 - FIXED-LENGTH DATA ELEMENTS--GENERAL INFORMATION
fixed length control field 010720s2008 enka f b 001 0 eng d
020 ## - INTERNATIONAL STANDARD BOOK NUMBER
International Standard Book Number 9781847351227
035 ## - SYSTEM CONTROL NUMBER
System control number (OCoLC)ocm47124329
040 ## - CATALOGING SOURCE
Original cataloging agency EG-ScBUE
Language of cataloging eng
Description conventions rda
Transcribing agency EG-ScBUE
Modifying agency EG-ScBUE
082 04 - DEWEY DECIMAL CLASSIFICATION NUMBER
Classification number 547.7046
Edition number 22
Item number CRO
100 1# - MAIN ENTRY--PERSONAL NAME
Personal name Crompton, T. R.
Fuller form of name (Thomas Roy),
Relator term author.
245 10 - TITLE STATEMENT
Title Characterisation of polymers.
Number of part/section of a work Volume 1 /
Statement of responsibility, etc T. R. Crompton.
264 #1 - PUBLICATION, DISTRIBUTION, ETC. (IMPRINT)
Place of publication, distribution, etc Shropshire, UK :
Name of publisher, distributor, etc Smithers Rapra Technology Limited,
Date of publication, distribution, etc 2008.
300 ## - PHYSICAL DESCRIPTION
Extent x, 478 pages :
Other physical details illustrations ;
Dimensions 25 cm
336 ## - CONTENT TYPE
Source rdacontent
Content type term text
Content type code txt
337 ## - MEDIA TYPE
Media type term unmediated
Source rdamedia
Media type code n
338 ## - CARRIER TYPE
Carrier type term volume
Carrier type code nc
Source rdacarrier
500 ## - GENERAL NOTE
General note Includes Appendices.<br/>
504 ## - BIBLIOGRAPHY, ETC. NOTE
Bibliography, etc Includes bibliographical references and index.<br/>
650 #7 - SUBJECT ADDED ENTRY--TOPICAL TERM
Topical term or geographic name as entry element Polymers
General subdivision Analysis.
9 (RLIN) 4694
Source of heading or term BUEsh
650 #7 - SUBJECT ADDED ENTRY--TOPICAL TERM
Topical term or geographic name as entry element Thermal analysis.
9 (RLIN) 4695
Source of heading or term BUEsh
655 ## - INDEX TERM--GENRE/FORM
Form subdivision Reading book
856 41 - ELECTRONIC LOCATION AND ACCESS
Materials specified Table of contents only
Uniform Resource Identifier <a href="http://www.loc.gov/catdir/enhancements/fy0611/2001270008-t.html">http://www.loc.gov/catdir/enhancements/fy0611/2001270008-t.html</a>
856 42 - ELECTRONIC LOCATION AND ACCESS
Materials specified Publisher description
Uniform Resource Identifier <a href="http://www.loc.gov/catdir/enhancements/fy0611/2001270008-d.html">http://www.loc.gov/catdir/enhancements/fy0611/2001270008-d.html</a>
942 ## - ADDED ENTRY ELEMENTS (KOHA)
Source of classification or shelving scheme Dewey Decimal Classification
Koha item type Book - Borrowing
Holdings
Withdrawn status Lost status Source of classification or shelving scheme Damaged status Not for loan Collection code Home library Current library Shelving location Date acquired Source of acquisition Total Checkouts Total Renewals Full call number Barcode Date last seen Date checked out Price effective from Koha item type
    Dewey Decimal Classification     Baccah Central Library Central Library First floor 10/05/2009   1 1 547.7046 CRO 000016114 15/07/2025 10/05/2009 10/05/2009 Book - Borrowing